000 00635nam a2200205Ia 4500
008 191130s2008##################000#0#eng##
020 _a9780073052700
040 _aACL
_cACL
082 _a305.26 QUA
100 _aQuadagno, Jill S
245 _aAging and the life course : an introduction to social gerontology
_cJill Quadagno
250 _a4th ed
260 _aNew York
_bMcGraw-Hill
_cc2008
300 _axviii, 521 p. : ill. ; 24 cm
500 _aIncludes bibliographical references (p. 439-482) and indexes
650 _aGerontology
990 _a9f0de6a6ac10000c3c201c872ea57c5c
991 _a211487
999 _c364791
_d364791